Diseño de un Mini Acueducto por bombeo electrónico MABE y saneamiento básico rural para la comunidad Jerusalén del municipio de Nueva Guinea, RACCS 2017-2018
Muestra el diseño de un mini acueducto por bombeo eléctrico (MABE) en la comunidad de Jerusalén, municipio de Nueva Guinea Región Autónoma de la Costa Caribe Sur, analiza socioeconómicamente a la población por medio de encuestas para la determinación la capacidad económica, realiza el levan...
| Main Authors: | , |
|---|---|
| Other Authors: | |
| Format: | Tesis Section = Libro |
| Language: | Undetermined Spanish |
| Published: |
Managua
UNI
2018
|
| Subjects: |
| LEADER | 01665nam a2200265Ia 4500 | ||
|---|---|---|---|
| 008 | 240830s9999 xx 000 0 und d | ||
| 040 | |a BIBLIOTECA-RUPAP Mon 628.72 L318 | ||
| 041 | |a spa | ||
| 082 | |a Mon 628.72 L318 | ||
| 100 | 1 | |a Lara Castillo, Michael Javier | |
| 100 | 1 | |b Hernández González, Jader Josué | |
| 245 | 1 | 0 | |a Diseño de un Mini Acueducto por bombeo electrónico MABE y saneamiento básico rural para la comunidad Jerusalén del municipio de Nueva Guinea, RACCS 2017-2018 |
| 260 | |a Managua |b UNI |c 2018 | ||
| 300 | |a 97 p. :il. | ||
| 500 | |a Contiene: anexos y CD. | ||
| 502 | |a Tesis (Ingeniero Civil)- UNI, 2018. | ||
| 520 | 3 | |a Muestra el diseño de un mini acueducto por bombeo eléctrico (MABE) en la comunidad de Jerusalén, municipio de Nueva Guinea Región Autónoma de la Costa Caribe Sur, analiza socioeconómicamente a la población por medio de encuestas para la determinación la capacidad económica, realiza el levantamiento topográfico alti-planimétrico del área del proyecto para el trazo de la red, modela el sistema de abastecimiento de agua potable haciendo uso del software especializado, dimensiona los componentes de la red de distribución de agua potable, propone un sistema de saneamiento básico rural para la comunidad, se elabora planos finales del sistema, elabora el presupuesto de las obras a ejecutar. | |
| 650 | 7 | |a ACUEDUCTOS POR BOMBEO ELECTRICO-DISEÑO Y CONSTRUCCION | |
| 650 | 7 | |b SANEAMIENTO | |
| 650 | 7 | |c ABASTECIMIENTO DE AGUA POTABLE | |
| 650 | 7 | |d RED DE DISTRIBUCION DE AGUA | |
| 700 | 1 | |a Tutor: |b Hernández Durán, Noé | |
| 942 | |c BK |2 ddc | ||
| 991 | |a TESIS | ||
| 999 | |c 16519 | ||